Environmental and Natural Resources Economics : (Record no. 16790)

MARC details
000 -LEADER
fixed length control field 01187cam a2200313 a 4500
001 - CONTROL NUMBER
control field 013433452
003 - CONTROL NUMBER IDENTIFIER
control field Uk
005 - DATE AND TIME OF LATEST TRANSACTION
control field 20070517213558.0
008 - FIXED-LENGTH DATA ELEMENTS--GENERAL INFORMATION
fixed length control field 050822s2006 nyua b 001 0 eng
020 ## - INTERNATIONAL STANDARD BOOK NUMBER
International Standard Book Number 0765614723
020 ## - INTERNATIONAL STANDARD BOOK NUMBER
International Standard Book Number 0765614731
040 ## - CATALOGING SOURCE
Original cataloging agency DLC
Transcribing agency DLC
Modifying agency BAKER
-- C#P
-- NLGGC
-- DLC
-- Uk
082 00 - DEWEY DECIMAL CLASSIFICATION NUMBER
Classification number 333.7
Edition number 22
Item number HAC
100 1# - MAIN ENTRY--PERSONAL NAME
Personal name Hackett, Steven C.,
Dates associated with a name 1960-
9 (RLIN) 30206
245 10 - TITLE STATEMENT
Title Environmental and Natural Resources Economics :
Remainder of title Theory, Policy, and the Sustainable Society /
Statement of responsibility, etc Steven C. Hackett.
250 ## - EDITION STATEMENT
Edition statement 3rd ed.
260 ## - PUBLICATION, DISTRIBUTION, ETC. (IMPRINT)
Place of publication, distribution, etc Armonk, N.Y. ;
-- London :
Name of publisher, distributor, etc M.E. Sharpe, Inc.,
Date of publication, distribution, etc 2006.
300 ## - PHYSICAL DESCRIPTION
Extent xxiii, 524 p. :
Other physical details ill. ;
Dimensions 24 cm.
504 ## - BIBLIOGRAPHY, ETC. NOTE
Bibliography, etc Includes bibliographical references and index.
650 #0 - SUBJECT ADDED ENTRY--TOPICAL TERM
Topical term or geographic name as entry element Environmental economics.
9 (RLIN) 30207
650 #0 - SUBJECT ADDED ENTRY--TOPICAL TERM
Topical term or geographic name as entry element Environmental policy.
9 (RLIN) 30208
650 #0 - SUBJECT ADDED ENTRY--TOPICAL TERM
Topical term or geographic name as entry element Natural resources.
9 (RLIN) 30209
650 #0 - SUBJECT ADDED ENTRY--TOPICAL TERM
Topical term or geographic name as entry element Sustainable development.
9 (RLIN) 30210
653 ## - INDEX TERM--UNCONTROLLED
Resource For college
Arrived date list June2012
942 ## - ADDED ENTRY ELEMENTS (KOHA)
Source of classification or shelving scheme Dewey Decimal Classification
Item type Book - Borrowing
Holdings
Withdrawn status Item status Source of classification or shelving scheme Damaged status Not for loan Vendor Home library Current library Shelving location Date acquired Source of acquisition Cost, normal purchase price Serial Enumeration / chronology Total Checkouts Total Renewals Full call number Barcode Date last seen Date last borrowed Koha item type
    Dewey Decimal Classification     Baccah Central Library Central Library First floor 26/06/2012   245.00 15316 2 9 333.7 HAC 000026874 15/07/2025 18/11/2019 Book - Borrowing